Brief Applied Calculus / (Record no. 11251)
[ view plain ]
| 000 -LEADER | |
|---|---|
| fixed length control field | 00694cam a22001937a 4500 |
| 020 ## - INTERNATIONAL STANDARD BOOK NUMBER | |
| International Standard Book Number | 9780618731183 |
| 020 ## - INTERNATIONAL STANDARD BOOK NUMBER | |
| International Standard Book Number | 061860636x |
| 050 00 - LIBRARY OF CONGRESS CALL NUMBER | |
| Classification number | QA303 |
| Item number | .B527 2007 |
| 100 1# - MAIN ENTRY--PERSONAL NAME | |
| Personal name | Berresford, Geoffrey C., |
| 245 10 - TITLE STATEMENT | |
| Title | Brief applied calculus / |
| Statement of responsibility, etc. | Geoffrey C. Berresford, Andrew M. Rockett. |
| 250 ## - EDITION STATEMENT | |
| Edition statement | 4th ed |
| 260 ## - PUBLICATION, DISTRIBUTION, ETC. (IMPRINT) | |
| Place of publication, distribution, etc. | Boston : |
| Name of publisher, distributor, etc. | Houghtton Mifflin Co., |
| Date of publication, distribution, etc. | c2007. |
| 500 ## - GENERAL NOTE | |
| General note | Includes indexes. |
| 700 1# - ADDED ENTRY--PERSONAL NAME | |
| Personal name | Rockett, Andrew Mansfield. |
| 856 42 - ELECTRONIC LOCATION AND ACCESS | |
| Uniform Resource Identifier | <a href="http://www.loc.gov/catdir/enhancements/fy1105/2009517751-b.html">http://www.loc.gov/catdir/enhancements/fy1105/2009517751-b.html</a> |
| 856 42 - ELECTRONIC LOCATION AND ACCESS | |
| Uniform Resource Identifier | <a href="http://www.loc.gov/catdir/enhancements/fy1105/2009517751-d.html">http://www.loc.gov/catdir/enhancements/fy1105/2009517751-d.html</a> |
| 856 41 - ELECTRONIC LOCATION AND ACCESS | |
| Uniform Resource Identifier | <a href="http://www.loc.gov/catdir/enhancements/fy1105/2009517751-t.html">http://www.loc.gov/catdir/enhancements/fy1105/2009517751-t.html</a> |
| 942 ## - ADDED ENTRY ELEMENTS (KOHA) | |
| Source of classification or shelving scheme | Library of Congress Classification |
| Koha item type | General circulation |
| Withdrawn status | Lost status | Source of classification or shelving scheme | Damaged status | Not for loan | Home library | Current library | Shelving location | Date acquired | Total Checkouts | Full call number | Barcode | Date last seen | Price effective from | Koha item type | Source of acquisition | Public note |
|---|---|---|---|---|---|---|---|---|---|---|---|---|---|---|---|---|
| Library of Congress Classification | Kitui Town Campus Library | Kitui Town Campus Library | General Stacks | 22/02/2016 | QA303 .B527 2007 | 2016/010876 | 22/02/2016 | 22/02/2016 | General circulation | |||||||
| Library of Congress Classification | SEHSS - Library | SEHSS - Library | General Stacks | 25/02/2016 | [EHS] QA 303 .B4 2004 | 2016/013830 | 25/02/2016 | 25/02/2016 | General circulation | Donation-books for Africa | A.K. |